UM Logo

Physics : (Record no. 7958)

MARC details
000 -LEADER
fixed length control field 00634nam a2200169 4500
008 - FIXED-LENGTH DATA ELEMENTS--GENERAL INFORMATION
fixed length control field 171207b xxu||||| |||| 00| 0 eng d
020 ## - INTERNATIONAL STANDARD BOOK NUMBER
International Standard Book Number 0673398366
082 ## - DEWEY DECIMAL CLASSIFICATION NUMBER
Edition number 1990
Classification number DC 530
Item number W83
100 ## - MAIN ENTRY--PERSONAL NAME
9 (RLIN) 24467
Personal name Wolfson, Richard,author.
245 ## - TITLE STATEMENT
Title Physics :
Remainder of title extended with modern physics /
Statement of responsibility, etc. Richard Wolfson, Jay M. Pasachoff.
260 ## - PUBLICATION, DISTRIBUTION, ETC. (IMPRINT)
Place of publication, distribution, etc. Glenview :
Name of publisher, distributor, etc. Scott, Foresman/Little, Brown Higher Education,
Date of publication, distribution, etc. ©1990.
300 ## - PHYSICAL DESCRIPTION
Extent vii, 1250 pages :
Other physical details colored illustrations ;
Dimensions 26 cm.
500 ## - GENERAL NOTE
General note Includes bibliographical references and index.
650 #0 - SUBJECT ADDED ENTRY--TOPICAL TERM
9 (RLIN) 24469
Topical term or geographic name as entry element Physics.
700 ## - ADDED ENTRY--PERSONAL NAME
9 (RLIN) 24470
Personal name Pasachoff, Jay M., author.
942 ## - ADDED ENTRY ELEMENTS (KOHA)
Source of classification or shelving scheme Dewey Decimal Classification
Koha item type Circulation
Holdings
Withdrawn status Lost status Source of classification or shelving scheme Damaged status Not for loan Collection code Home library Current library Date acquired Source of acquisition Total Checkouts Full call number Barcode Date last seen Copy number Price effective from Koha item type
    Dewey Decimal Classification     Circulation UM Digos College - LIC UM Digos College - LIC   Purchased   DC 530 W83 1990 15171 05/15/2025 1 12/07/2017 Circulation